000
00300 a2200145 4500
001
181479
020
_a
040
_c
Magnum
100
_a
Ministerio da Educacao e Cultura
240
1
0
_a
Arte popular
_l
por
245
1
0
_a
Arte popular
362
0
_a
1899
697
_a
MAGNITO: GERAL
942
_c
BK
999
_c
181479
_d
181479